La sirenita / (Registro nro. 14818)

Detalles MARC
000 -LIDER
fixed length control field 00804nam a2200241 4500
003 - IDENTIFICACDOR DE NÚMERO DE CONTROL
control field DO-SdBNP
005 - DATE AND TIME OF LATEST TRANSACTION
control field 20241004083045.0
008 - ELEMENTOS DE LONGITUD FIJA
fixed length control field 161207b2011 p 00| 0 spa d
020 ## - ISBN
International Standard Book Number 9786124063422
040 ## - FUENTE DE CATALOGACIÓN
Agencia que crea de manera original el registro BPMSU
Idioma de catalogación spa
Agencia que realiza la transcripción BPMSU
082 #4 - NÚMERO DE CLASIFICACIÓN DECIMAL DE DEWEY
Classification number 839.81
Item number A544p 2011
Edition number 22
100 1# - ASIENTO PRINCIPAL -- NOMBRE PERSONAL
Nombre personal Andersen Hans Christian
Fechas asociadas con el nombre 1805-1875.
245 13 - MENCIÓN DE TITULO
Título La sirenita /
Mención de responsabilidad Hans Christian Andersen ; ilustración Gerson Jara Morales
260 ## - PUBLICACIÓN, DISTRIBUCIÓN, ETC. (PIE DE IMPRENTA)
Lugar de publicación, distribución, etc Lima, Perú :
Nombre del editor, distribuidor, etc. Educativa,
Fecha de publicación, distribución, etc 2011
300 ## - DESCRIPCIÓN FÍSICA
Materiales especificados [10 páginas ] :
Otros detalles físicos ils. ;
Dimensiones 26 cm
490 0# - MENCIÓN DE SERIES
Mención de serie Pintacuentos pintando mis personajes
590 ## - NOTA LOCAL
Texto de la nota local Inventariado, 2024/VM
650 #4 - ENCABEZAMIENTO DE MATERIA--TEMÁTICO
Término temático o nombre geográfico como elemento de entrada Cuentos infantiles daneses
Subdivisión temática general
650 #4 - ENCABEZAMIENTO DE MATERIA--TEMÁTICO
Término temático o nombre geográfico como elemento de entrada Libros ilustrados para niños
700 1# - ASIENTO SECUNDARIO -- NOMBRE PERSONAL
Nombre personal Jara Morales, Gerson
Mención de responsabilidad ilustración
910 ## - VALIDACIÓN
Validación VMateo V. Control de calidad BPMSU
942 ## - ADDED ENTRY ELEMENTS (KOHA)
Source of classification or shelving scheme Dewey Decimal Classification
Koha item type Libros
Existencias
Withdrawn status Lost status Source of classification or shelving scheme Damaged status Not for loan Collection code Home library Current library Date acquired Total Checkouts Full call number Barcode Date last seen Price effective from Koha item type Copy number
    Dewey Decimal Classification     Colección Infantil General Biblioteca Pública Metropolitana Salomé Ureña Biblioteca Pública Metropolitana Salomé Ureña 10/03/2024   BPMSU CGI 839.81 A544p 2011 BPMSU24100002 10/03/2024 10/03/2024 Libros  
    Dewey Decimal Classification     Colección Infantil General Biblioteca Pública Metropolitana Salomé Ureña Biblioteca Pública Metropolitana Salomé Ureña 10/03/2024   BPMSU CGI 839.81 A544p 2011 BPMSU24100003 10/03/2024 10/03/2024 Libros e.2